MARC details
| 000 -CABECERA |
| campo de control de longitud fija |
01141nam a2200265 a 4500 |
| 001 - NÚMERO DE CONTROL |
| campo de control |
000037607 |
| 005 - FECHA Y HORA DE LA ÚLTIMA TRANSACCIÓN |
| campo de control |
20260305073959.0 |
| 008 - DATOS DE LONGITUD FIJA--INFORMACIÓN GENERAL |
| campo de control de longitud fija |
121001s2007 dr ac 000 0 spa d |
| 020 ## - NÚMERO INTERNACIONAL ESTÁNDAR DEL LIBRO |
| Número Internacional Estándar del Libro |
9789945140170 |
| 040 ## - FUENTE DE LA CATALOGACIÓN |
| Centro catalogador/agencia de origen |
DO-SdBNP |
| Lengua de catalogación |
spa |
| Centro/agencia transcriptor |
BNPHU |
| 082 ## - NÚMERO DE LA CLASIFICACIÓN DECIMAL DEWEY |
| Número de clasificación |
759.06 |
| Número de documento/Ítem |
G377m |
| 100 1# - ENTRADA PRINCIPAL--NOMBRE DE PERSONA |
| Nombre de persona |
Gerón, Candido, |
| Fechas asociadas al nombre |
1948- |
| 9 (RLIN) |
3577 |
| 245 13 - MENCIÓN DE TÍTULO |
| Título |
El modernismo en la pintura dominicana = |
| Resto del título |
= The modern in the Dominican painting = Le modernisme dans la peinture dominicaine / |
| Mención de responsabilidad, etc. |
Cándido Gerón ; traductores Altagracia Amelia Cabral, Manuel García Cartagena. |
| 246 13 - FORMA VARIANTE DE TÍTULO |
| Título propio/Titulo breve |
The modern in the Dominican painting |
| 246 13 - FORMA VARIANTE DE TÍTULO |
| Título propio/Titulo breve |
Le modernisme dans la peinture dominicaine |
| 260 ## - PUBLICACIÓN, DISTRIBUCIÓN, ETC. |
| Lugar de publicación, distribución, etc. |
Santo Domingo : |
| Nombre del editor, distribuidor, etc. |
Corripio, |
| Fecha de publicación, distribución, etc. |
2007. |
| 300 ## - DESCRIPCIÓN FÍSICA |
| Extensión |
544 p. : |
| Otras características físicas |
il., retrs. ; |
| Dimensiones |
30 cm. |
| 500 ## - NOTA GENERAL |
| Nota general |
Incluye datos biográficos del autor en la solapa de la portada |
| 590 ## - NOTA LOCAL (RLIN) |
| Nota local |
Inventariado, 2018/LP |
| 546 ## - NOTA DE LENGUA/LENGUAJE |
| Nota de lengua/lenguaje |
Texto en español, inglés y francés |
| 650 #4 - PUNTO DE ACCESO ADICIONAL DE MATERIA--TÉRMINO DE MATERIA |
| Término de materia o nombre geográfico como elemento de entrada |
Pintura moderna |
| Subdivisión geográfica |
República Dominicana |
| Subdivisión cronológica |
SIGLO XX |
| 9 (RLIN) |
64078 |
| 700 12 - PUNTO DE ACCESO ADICIONAL--NOMBRE DE PERSONA |
| Nombre de persona |
Cabral, Altagracia Amelia, |
| Término indicativo de función/relación |
tr. |
| 9 (RLIN) |
43780 |
| 700 12 - PUNTO DE ACCESO ADICIONAL--NOMBRE DE PERSONA |
| Nombre de persona |
García Cartagena, Manuel |
| Término indicativo de función/relación |
tr. |
| 9 (RLIN) |
12067 |
| 910 ## - DATOS DE OPCIÓN DEL USUARIO (OCLC) |
| Datos de opción del usuario |
Validado. Control de calidad MFF |